Statistics for Dark Souls III Weapon Types

Click here to take the quiz!

General Stats

  • This quiz has been taken 118 times
  • The average score is 14 of 24

Answer Stats

Weapon Type% Correct
Greatswords
93%
Ultra Greatswords
79%
Daggers
78%
Straight Swords
72%
Hammers
71%
Spears & Pikes
71%
Axes
69%
Bows
69%
Great Axes
68%
Curved Swords
63%
Great Hammers
63%
Staves
57%
Whips
54%
Crossbows
53%
Curved Greatswords
50%
Katanas
50%
Greatbows
49%
Talismans
47%
Fist & Claws
46%
Reapers
44%
Halberds
43%
Sacred Chimes
40%
Flames
22%
Piercing Swords
9%

Score Distribution

Percentile by Number Answered

Percent of People with Each Score

Your Score History

You have not taken this quiz